| 000 | 00513pab a2200169 454500 | ||
|---|---|---|---|
| 008 | 180718b2005 xxu||||| |||| 00| 0 eng d | ||
| 100 | _aToepler, Stefan | ||
| 245 | _aAre there limits to financing culture through the market? Evidence from the US museum field | ||
| 260 | _c2005 | ||
| 300 | _ap.131-46. | ||
| 650 | _aCulture - United States | ||
| 650 | _aMuseums - United States | ||
| 650 | _aMuseums | ||
| 700 | _aDewees, Sarah | ||
| 773 | _aInternational Journal of Public Administration | ||
| 909 | _a65955 | ||
| 999 |
_c65955 _d65955 |
||